01141nam a2200193Ia 4500001001100000003001000011008004100021040002500062041001300087100001700100245006800117250001100185260008500196300001200281500026000293501011400553520026000667650002000927L301-56101IT-CnALBA170116s9999||||xx |||||||||||||| ||und|| aIT-CnALBAcIT-CnALBA aITALIANO aSANDRI LUCIA 0aOSPEDALI E CITTÀ. L'ITALIA DEL CENTRO-NORD, XIII-XVI SECOLO.  a1a ed. a FIRENZEbLE LETTERE CASA EDITR. c1997 [1° Ed.:1997 - Ed.Ling.Originale: 1997] a286 p.  a....FIRENZE APRILE 1995. MEDICINA E STORIA. INDICE ONOMASTICO PERSONE COSE E LUOGHI. SPLENDIDE CASE DI CURA. OSPEDALI MEDICINA E ASSISTENZA FIORENTINA. GLI OSPEDALI DI MONZA E I LORO RAPPORTI CON MILANO. OSPEDALI E BAMBINI ABBANDONATI A BOLOGNA NEL RINASC aSocietà San Paolo EM - Piazza San Paolo, 14 - 12051 ALBA (CN) (non commercial uses only) ® Copyright 2017 a....FIRENZE APRILE 1995. MEDICINA E STORIA. INDICE ONOMASTICO PERSONE COSE E LUOGHI. SPLENDIDE CASE DI CURA. OSPEDALI MEDICINA E ASSISTENZA FIORENTINA. GLI OSPEDALI DI MONZA E I LORO RAPPORTI CON MILANO. OSPEDALI E BAMBINI ABBANDONATI A BOLOGNA NEL RINASC aSCIENZE SOCIALI